| 000 | 00620nam a2200181Ia 4500 | ||
|---|---|---|---|
| 005 | 20250508163455.0 | ||
| 008 | 008 250505s9999 xx 000 0 eng d | ||
| 037 | _aTextual | ||
| 040 |
_aFEDL _beng _cFEDL |
||
| 041 |
_aeng _2eng |
||
| 084 |
_a507, UNE _qFEDL |
||
| 245 | 0 | _aScience for all: Report of a regional meeting Bangkok, 20-26 september 1983 | |
| 260 |
_aBangkok, Thailand _bUNESCO Regional Office for Education in Asia and the Pacific _c1983 |
||
| 300 | _a63p. | ||
| 490 | _aAsian Programms of Educational Innovation for Development | ||
| 942 |
_cTEXL _h507, UNE |
||
| 999 |
_c1383528 _d1383528 |
||